| 000 | 01216nam a2200337 i 4500 | ||
|---|---|---|---|
| 999 |
_c65403 _d65403 |
||
| 001 | 768714001 | ||
| 003 | CO-MdFUSB | ||
| 005 | 20200303162223.0 | ||
| 007 | ta | ||
| 008 | 200225t1999 -us |||| |||| 00| 0 eng d | ||
| 020 | _a0310231868 | ||
| 040 |
_aCO-MdFUSB _bspa _cCO-MdFUSB _dCO-MdFUSBC _erda |
||
| 041 | _aeng | ||
| 082 |
_223 _a221.6 _bY21b |
||
| 100 |
_aYancey, Philip. _eautor |
||
| 245 | 4 |
_aThe Bible Jesus read _c/ Philip Yancey |
|
| 264 | 1 |
_aEstados Unidos : _bZondervan, _c[1999] |
|
| 264 | 4 | _c© 1999 | |
| 300 |
_a221 páginas _c; 21 cm _eIncluye un folleto. |
||
| 336 |
_2rdacontent _atexto _btxt |
||
| 337 |
_2rdamedia _asin mediación _bn |
||
| 338 |
_2rdacarrier _avolumen _bnc |
||
| 505 | _a¿Vale la pena el esfuerzo del Antiguo Testamento? -- Trabajo: ver en la oscuridad. -- Deuteronomio: un sabor agridulce. -- Salmos: espiritualidad en todas las claves. -- Eclesiastés: el final de la sabiduría. -- Profetas: Dios habla de nuevo. -- Avances ecos de una respuesta final. | ||
| 563 | _aRústico | ||
| 630 | 0 | 7 |
_aBiblia. _pAntiguo Testamento |
| 650 | 7 |
_9527 _aCrítica literaria |
|
| 653 | _aInterpretación | ||
| 942 | _cBK | ||
| 945 |
_aJTF-925 _bAEM-53 |
||